LEADER 00577nam 2200169z- 450 001 9910693090103321 035 $a(CKB)5470000002358600 035 $a(EXLCZ)995470000002358600 100 $a20230503cuuuuuuuu -u- - 101 0 $aeng 200 00$aNATO/CCMS Pilot Study : Evaluation of Demonstrated and Emerging Technologies for the Treatment and Clean Up of Contaminated Land and Groundwater (Phase III) : 2002 annual report 210 $aWashington, D.C 517 $aNATO/CCMS Pilot Study 906 $aBOOK 912 $a9910693090103321 996 $aNATO$9851487 997 $aUNINA